|
|
|
|
| LEADER |
00000nab a2200000 a 4500 |
| 001 |
vtls008159608 |
| 003 |
SK-MaSNL |
| 005 |
20260426063117.0 |
| 008 |
050610c2005 xo mr|p|||||||000 b|slo |
| 015 |
|
|
|a SNBRB2005/06
|2 snkbucl
|
| 038 |
|
|
|a SNKBUCL
|
| 040 |
|
|
|a SNKBUCL
|b slo
|c SNKBUCL
|e AACR2
|
| 041 |
0 |
|
|a slo
|
| 044 |
|
|
|a xo
|c SK
|
| 080 |
|
|
|a 728.3
|x (437.6)
|2 UDC-MRF-SK2
|
| 100 |
1 |
|
|a Pifko, Henrich,
|d 1959-
|4 aut
|9 223453
|
| 245 |
1 |
0 |
|a Veľkosť malého
|c Henrich Pifko
|
| 300 |
|
|
|b Fotogr., obr.
|
| 500 |
|
|
|a Architekt: Robert Špaček
|
| 650 |
0 |
7 |
|a rodinné domy
|2 snkbucl
|9 2984
|
| 651 |
|
7 |
|a Lamač (Bratislava IV, Slovensko)
|2 snkbucl
|9 16341
|
| 651 |
|
7 |
|a Bratislava (Slovensko)
|2 snkbucl
|9 14568
|
| 773 |
0 |
|
|t ARCH
|g Roč. 10, č. 4 (2005), s. 22-25
|x 1335-3268
|
| 852 |
|
|
|a SNK
|b KIS3GCP
|
| 999 |
|
|
|c 2552749
|d 2554679
|